Statistics for XXXTENTACION's Collaborations

Click here to take the quiz!

General Stats

  • This quiz has been taken 10 times
  • The average score is 13 of 56

Answer Stats

HintAnswer% Correct
Falling DownLil Peep
88%
One Minute, True LoveKanye West
75%
Don't Cry, Scared of the Dark, School Shooters, Get Outta My HeadLil Wayne
63%
What in XXXTarnation, RIP Poach, Off the Wall!, H2O, Static Shock, 4Peat, Bowser, Take A Step Back, Make Eem Run!, FUXKSki Mask The Slump God
63%
Arms Around YouLil Pump
50%
$$$Matt OX
50%
Fuck Love, bad vibes forever, Danny PhantomTrippie Redd
50%
CurseCooliecut
38%
infinity (888), DaemonsJoey Bada$$
38%
Roll In PeaceKodak Black
38%
I'm Not HumanLil Uzi Vert
38%
EcstasyNoah Cyrus
38%
SMASH!, bad vibes foreverPnB Rock
38%
Arms Around YouSwae Lee
38%
Pain = BESTFRIEND, One Minute, Falling Down (Remix)Travis Barker
38%
I don't even speak spanish lolAndrez Babii
25%
IT'S ALL FADING TO BLACKblink-182
25%
Butthole Girl!, Came2Kill, Crucify Thy Infant, Son of Whore, RUN IT BACK!, THE ONLY TIME I FEEL ALIVECraig Xen
25%
Gassed Up!, Hi Wendy!Flyboy Tarantino
25%
I don't even speak spanish lolJudah
25%
X & CUDKid Cudi
25%
Came2Kill, 777, Gassed Up!, Hi Wendy!Kid Trunks
25%
Slipknot, Rebirth, LIMBO, SnowKillstation
25%
#PROUDCATOWNERREMIXRico Nasty
25%
I don't even speak spanish lolRio Santana
25%
Banded Up, EMOJIRONNY J
25%
Butthole Girl!Tank Head
25%
Kill My VibeTom. G
25%
RoyaltyVybz Kartel
25%
VossCarnage
13%
CHASE / glass shardsikabodVEINS
13%
NorthStar - RemixJoyner Lucas
13%
GospelKeith Ape
13%
Slipknot, Supra, Curse, Gassed Up!, Touch Eem Body, Hi Wendy!Kin$oul
13%
RoyaltyKy-Mani Marley
13%
Arms Around YouMaluma
13%
Hot GyalMavado
13%
GospelRich Brian
13%
I Changed Her LifeRick Ross
13%
Butthole Girl!Robb Banks
13%
VossSauce Walka
13%
RoyaltyStefflon Don
13%
Hot GyalTory Lanez
13%
Scared of the DarkTy Dolla $ign
13%
MANIKIN, I LUv My CLiQuE LiKe KaNyE WeStWifisfuneral
13%
Ready Set GoYung Bans
13%
Ready Set Go03 Greedo
0%
Again (Remix)Alan Walker
0%
Curse, Gassed Up!, Touch Eem Body, Make Eem Run!, Hi Wendy!Bass Satana
0%
Crucify Thy Infant, Son of WhoreGarrete Revenge
0%
wanna grow old (i won't let go)Jimmy Levy
0%
Show TimeJuicy J
0%
DaemonsKemba
0%
Str8 ShotMiami Tip
0%
Touch Eem BodyReddz
0%
VOICESSkye
0%

Score Distribution

Percentile by Number Answered

Percent of People with Each Score

Your Score History

You have not taken this quiz